The use of the discrete element method and fracture mechanics to improve grinding rate prediction (Record no. 78602)

MARC details
000 -LEADER
fixed length control field 00637nam a2200193 a 4500
003 - CONTROL NUMBER IDENTIFIER
control field CBULib
005 - DATE AND TIME OF LATEST TRANSACTION
control field 20250514123817.0
008 - FIXED-LENGTH DATA ELEMENTS--GENERAL INFORMATION
fixed length control field 091202s2001 ||||||||||||||||| || u
040 ## - CATALOGING SOURCE
Original cataloging agency CBULib
Language of cataloging English
Transcribing agency CBULib
Modifying agency CBULib
Description conventions rda
050 ## - LIBRARY OF CONGRESS CALL NUMBER
Classification number PAPERS/STAFF/BWA/2000
100 ## - MAIN ENTRY--PERSONAL NAME
Personal name Bwalya, M. M
245 14 - TITLE STATEMENT
Title The use of the discrete element method and fracture mechanics to improve grinding rate prediction
Statement of responsibility, etc /by M.M Bwaya
260 ## - PUBLICATION, DISTRIBUTION, ETC. (IMPRINT)
Place of publication, distribution, etc Johannesburg
Name of publisher, distributor, etc University of Witwatersrand
Date of publication, distribution, etc 2001
300 ## - PHYSICAL DESCRIPTION
Extent 5pages
336 ## - CONTENT TYPE
Source rdacontent
Content type term Text |
Content type code txt
337 ## - MEDIA TYPE
Source rdamedia
Media type term Unmediated |
Media type code n
338 ## - CARRIER TYPE
Source rdacarrier
Carrier type term Volume
Carrier type code nc
942 ## - ADDED ENTRY ELEMENTS (KOHA)
Source of classification or shelving scheme
Koha item type SPECIAL COLLECTION
Holdings
Withdrawn status Lost status Source of classification or shelving scheme Damaged status Not for loan Permanent Location Current Location Shelving location Date acquired Total Checkouts Full call number Barcode Date last seen Copy number Price effective from Koha item type
          CBU-MAIN LIBRARY, KITWE. CBU-MAIN LIBRARY, KITWE.   05/17/2023   PAPERS/STAFF 03004936 05/17/2023 1 05/17/2023 SPECIAL COLLECTION
          CBU-MAIN LIBRARY, KITWE. CBU-MAIN LIBRARY, KITWE.   05/17/2023   PAPERS/STAFF 03004935 05/17/2023 2 05/17/2023 SPECIAL COLLECTION
          CBU-MAIN LIBRARY, KITWE. CBU-MAIN LIBRARY, KITWE.   05/17/2023   PAPERS/STAFF 03006161 05/17/2023 3 05/17/2023 SPECIAL COLLECTION